Formula One Race Winners 1970s - Sudden Death - Statistics

General Stats
  • This quiz has been taken 176 times
  • The average score is 10 of 29
Answers on the Grid
Answers color-coded by a green-red scale on the quiz's grid according to % correct below.
Arturo Merzario
Carlos Reutemann
Denis Hulme
Emerson Fittipaldi
François Cevert
Jackie Stewart
Gilles Villeneuve
Graham Hill
Jack Brabham
Carlos Pace
Clay Regazzoni
Jacky Ickx
Niki Lauda
James Hunt
Bruce McLaren
Jean-Pierre Beltoise
Jean-Pierre Jabouille
Vittorio Brambilla
Jo Siffert
Gunnar Nilsson
Michael Andretti
Jacques Laffite
Jochen Mass
Jochen Rindt
Pedro Rodriguez
Jody Scheckter
John Watson
Mario Andretti
Mike Hailwood
Nelson Piquet
Patrick Depailler
Alan Jones
Peter Gethin
Peter Revson
Riccardo Patrese
Ronnie Peterson
 
Answer Stats
Answer % Correct
Emerson Fittipaldi
83%
Carlos Reutemann
70%
Jackie Stewart
69%
Niki Lauda
60%
Gilles Villeneuve
59%
James Hunt
56%
Clay Regazzoni
52%
Denis Hulme
50%
Jacky Ickx
50%
François Cevert
44%
Carlos Pace
40%
Jochen Rindt
35%
Mario Andretti
33%
Jody Scheckter
29%
Alan Jones
27%
Jean-Pierre Beltoise
27%
Jean-Pierre Jabouille
27%
Jochen Mass
27%
Vittorio Brambilla
27%
Gunnar Nilsson
26%
Jacques Laffite
26%
Ronnie Peterson
24%
Jack Brabham
19%
John Watson
19%
Peter Revson
16%
Patrick Depailler
15%
Jo Siffert
14%
Peter Gethin
14%
Pedro Rodriguez
8%
No matching quizzes found
Score Distribution
Percent of People with Each Score
Percentile by Number Answered
Your Score History
You have not taken this quiz